000 00374nam a2200145Ia 4500
005 20251222153537.0
008 251222s9999||||xx |||||||||||||| ||spa||
020 _a8481934259
082 _a345.46/Q61
100 _aQuintero Olivares, Gonzalo
245 0 _aComentarios al Nuevo Código Penal
250 _a1ra. ed.
264 _bEditorial Aranzadi, S.A.
942 _cLIB
999 _c30304
_d30304